000 00857nam a2200241 i 4500
001 bg
100 1 _aWĘGLARCZYK, Stanisław
245 1 0 _aWybrane problemy hydrologii stochastycznej /
_cStanisław Węglarczyk ; Politechnika Krakowska im. Tadeusza Kościuszki.
260 _aKraków :
_bPK,
_c1998.
300 _a214 s. :
_bwykr. ;
_c24 cm.
490 1 _aMonografia. Inżynieria Sanitarna i Wodna
500 _aISSN i nr serii gł. : 0860-097X ; 235. - Streszcz. ang., hisz.
504 _aBibliogr. s. 193-200.
650 9 _aHydrologia
650 9 _aStatystyka matematyczna
_xstosowanie
_xpomiary
710 0 _aPolitechnika Krakowska im. Tadeusza Kościuszki
830 0 _aMonografia.
_pInżynieria Sanitarna i Wodna
040 _cBPK
041 0 _apl
_benes
080 _a556:519.21
942 _cKS
008 s pl f |000 0 pol
999 _c37896
_d37896
856 _uhttp://koha.tu.koszalin.pl/cgi-bin/koha/opac-detail.pl?biblionumber=37896
_yKatalog online BPK